000 00756 a2200229 4500
003 OSt
005 20230323102520.0
008 220727s2019 flua||||r|||| 00| 0 eng d
020 _a9781138197060
040 _cCHAP
082 0 0 _a636.2
_bW45
_222
245 4 _aThe Welfare of cattle /
_ceditado por Terry Engle, Donald J. Klingborg y Bernard E. Rollin.
264 1 _aBoca Raton, FL. :
_bCRC Press,
_c2019.
300 _axviii, 345 páginas.
_bfiguras.
504 _aIncluye referencias e índice.
650 2 _945425
_aGanado vacuno
650 2 _9146234
_aBienestar de los animales
700 1 _9186483
_aEngle, Terry
_eEditor.
700 1 _9186484
_aKlingborg, Donald J.
_eEditor.
700 1 _999451
_aRollin, Bernard E.
_eEditor.
942 _2ddc
_cLIBRO
999 _c217370
_d217370